000 00475cam a2200193ua 4500
001 7985
005 20260515114257.0
008 150103n ii |||gr||||Z||||||hin
040 _cMAIN
041 _ahin
082 _a891.434
100 _aBharali, L.,
_eEditor.
245 1 _aHindi Kavya parijat
_cEdited by Loknath Bharali
250 _a1st.
260 _aBaranasi:
_bHindi,
_c1973.
300 _a136p.
653 _aEast Indo-European & Celtic literatures
942 _cBK
999 _c7099
_d7099